| 000 | 00371nam a22001337a 4500 | ||
|---|---|---|---|
| 005 | 20240201002120.0 | ||
| 008 | 240201b |||||||| |||| 00| 0 eng d | ||
| 082 |
_222 _a305.8 |
||
| 245 |
_aNo place in the inn : _bVoices of minority peoples in Asia / _cCCA-URM Office. |
||
| 260 |
_aJapan , _bCCA-URM Office.. _c1979. |
||
| 300 | _aii , 130 p., | ||
| 650 | _aethnic | ||
| 942 | _cL | ||
| 999 |
_c252 _d252 |
||